Manual operativo para la inclusión de niños y niñas de 3 a 5 años con necesidades educativas especiales derivadas de la discapacidad física /

Bibliographic Details
Main Author: Toral Tenorio, Juanita (Author)
Other Authors: Proaño, Margarita (Editor)
Format: Electronic eBook
Language:Spanish
Published: Cuenca, Ecuador : Universidad del Azuay, 2014.
Series:Proyecto UDA 1.
Subjects:
Online Access:Digitalia Hispánica

MARC

LEADER 00000nam a2200000 i 4500
001 DIGUAZUAY0001
003 NyNyDIG
007 cr |||||||||||
008 240219s2014 ec a ob 000 0 spa d
006 m o d
035 |a (OCoLC)1423251894 
040 |a DGITA  |b eng  |e rda  |e pn  |c DGITA 
020 |z 9789978325353 
043 |a s-ec--- 
050 1 4 |a LC4035.E2 ebook 
100 1 |a Toral Tenorio, Juanita,  |e author. 
245 1 0 |a Manual operativo para la inclusión de niños y niñas de 3 a 5 años con necesidades educativas especiales derivadas de la discapacidad física /  |c directora del proyecto, Margarita Proaño ; autora, Juanita Toral Tenorio. 
246 3 |a Manual operativo para la inclusión de niños y niñas de tres a cinco años con necesidades educativas especiales derivadas de la discapacidad física  
264 1 |a Cuenca, Ecuador :  |b Universidad del Azuay,  |c 2014. 
300 |a 1 online resource :  |b color illustrations. 
336 |a text  |b txt  |2 rdacontent 
337 |a computer  |b c  |2 rdamedia 
338 |a online resource  |b cr  |2 rdacarrier 
347 |a text file  |2 rdaft 
347 |b PDF 
490 1 |a Proyecto UDA 1 
500 |a "Grupo de investigadores del proyecto UDA 1". 
504 |a Includes bibliographical references. 
588 0 |a Online resource; title from PDF title page (Digitalia, viewed February 19, 2024) 
650 0 |a Children with disabilities  |x Education  |z Ecuador. 
650 0 |a Inclusive education  |z Ecuador. 
700 1 |a Proaño, Margarita,  |e editor. 
791 2 |a Digitalia (Firm),  |e distributor. 
793 0 |g Digitalia eBook Collection:  |a Universidad del Azuay 
830 0 |a Proyecto UDA 1. 
856 4 0 |3 Digitalia Hispánica  |u https://www.digitaliapublishing.com/a/133384/ 
910 |a Premium collection: 2024